The inspirational study Bible : (Record no. 9477)
[ view plain ]
| 000 -LEADER | |
|---|---|
| fixed length control field | 01073cam a2200301 a 4500 |
| 001 - CONTROL NUMBER | |
| control field | 3977316 |
| 003 - CONTROL NUMBER IDENTIFIER | |
| control field | GBCCL |
| 005 - DATE AND TIME OF LATEST TRANSACTION | |
| control field | 20241126110712.0 |
| 008 - FIXED-LENGTH DATA ELEMENTS--GENERAL INFORMATION | |
| fixed length control field | 950127s1995 txu 001 0 eng |
| 010 ## - | |
| -- | 95002380 |
| 020 ## - INTERNATIONAL STANDARD BOOK NUMBER | |
| International Standard Book Number | 0849950988 (bonded leather) |
| 020 ## - INTERNATIONAL STANDARD BOOK NUMBER | |
| International Standard Book Number | 0849950619 (hardcover) |
| 040 ## - CATALOGING SOURCE | |
| Original cataloging agency | DLC |
| Transcribing agency | DLC |
| Modifying agency | DLC |
| 050 00 - | |
| -- | BS195 |
| -- | .N353 1995 |
| 082 00 - DEWEY DECIMAL CLASSIFICATION NUMBER | |
| Classification number | 220.5208 |
| Edition information | 20 |
| Item number | BIB |
| 130 0# - | |
| -- | Bible. |
| -- | English. |
| -- | New Century. |
| -- | 1995. |
| -- | 16515 |
| 245 14 - TITLE STATEMENT | |
| Title | The inspirational study Bible : |
| Remainder of title | life lessons from the inspired word of God / |
| Statement of responsibility, etc. | Max Lucado, general editor. |
| 260 ## - PUBLICATION, DISTRIBUTION, ETC. | |
| Place of publication, distribution, etc. | Dallas : |
| Name of publisher, distributor, etc. | Word Bibles, |
| Date of publication, distribution, etc. | c1995. |
| 300 ## - PHYSICAL DESCRIPTION | |
| Extent | xiii, 1518 p. ; |
| Dimensions | 25 cm. |
| 500 ## - GENERAL NOTE | |
| General note | "The everyday Bible." |
| 500 ## - GENERAL NOTE | |
| General note | "New Century Version." |
| 500 ## - GENERAL NOTE | |
| General note | Includes index. |
| 700 1# - ADDED ENTRY--PERSONAL NAME | |
| Personal name | Lucado, Max. |
| 9 (RLIN) | 2796 |
| 856 42 - ELECTRONIC LOCATION AND ACCESS | |
| Materials specified | Publisher description |
| Uniform Resource Identifier | <a href="http://www.loc.gov/catdir/enhancements/fy0609/95002380-d.html">http://www.loc.gov/catdir/enhancements/fy0609/95002380-d.html</a> |
| 906 ## - LOCAL DATA ELEMENT F, LDF (RLIN) | |
| a | 7 |
| b | cbc |
| c | orignew |
| d | 1 |
| e | ocip |
| f | 19 |
| g | y-gencatlg |
| 942 ## - ADDED ENTRY ELEMENTS (KOHA) | |
| Source of classification or shelving scheme | Dewey Decimal Classification |
| Koha item type | Reference Books |
| Withdrawn status | Lost status | Source of classification or shelving scheme | Damaged status | Not for loan | Home library | Current Library | Shelving location | Date acquired | Total checkouts | Full call number | Barcode | Date last seen | Copy number | Price effective from | Koha item type |
|---|---|---|---|---|---|---|---|---|---|---|---|---|---|---|---|
| Dewey Decimal Classification | GRACE BIBLE COLLEGE | GRACE BIBLE COLLEGE | Bible | 2023-01-25 | 220.5208 BIB | 020367 | 2025-05-01 | c.1 | 2023-01-25 | Reference Books |